Nhiếp ảnh nghiệp dư Trất cả các vấn đề mà bạn cần quan tâm khi muốn sử dụng máy ảnh để tạo cho mình một tấm ảnh vừa ý nhất

Sách cung cấp những kiến thức cơ bản, những kỹ thuật cần thiết để tự sử dụng máy ảnh và tạo cho mình một tấm ảnh vừa ý: máy ảnh và thiết bị, kỹ thuật chụp ảnh, kỹ thuật in tráng phim, lưu trữ và sử dụng tư liệu ảnh....

Descripción completa

Guardado en:
Detalles Bibliográficos
Autor principal: Nhiếp ảnh nghiệp dư
Formato: Libro
Lenguaje:Undetermined
Publicado: Hà Nội VHTT 1999
Materias:
Etiquetas: Agregar Etiqueta
Sin Etiquetas, Sea el primero en etiquetar este registro!
Thư viện lưu trữ: Trung tâm Học liệu Trường Đại học Cần Thơ
LEADER 01041nam a2200193Ia 4500
001 CTU_37582
008 210402s9999 xx 000 0 und d
082 |a 771 
082 |b Ngh250n 
100 |a Nhiếp ảnh nghiệp dư 
245 0 |a Nhiếp ảnh nghiệp dư 
245 0 |b Trất cả các vấn đề mà bạn cần quan tâm khi muốn sử dụng máy ảnh để tạo cho mình một tấm ảnh vừa ý nhất 
245 0 |c Nhiếp ảnh nghiệp dư, Thiên Thanh 
260 |a Hà Nội 
260 |b VHTT 
260 |c 1999 
520 |a Sách cung cấp những kiến thức cơ bản, những kỹ thuật cần thiết để tự sử dụng máy ảnh và tạo cho mình một tấm ảnh vừa ý: máy ảnh và thiết bị, kỹ thuật chụp ảnh, kỹ thuật in tráng phim, lưu trữ và sử dụng tư liệu ảnh. 
650 |a photography 
980 |a Trung tâm Học liệu Trường Đại học Cần Thơ